Kỹ thuật ngành sơn

Uloženo v:
Podrobná bibliografie
Hlavní autoři:  Kỹ thuật ngành sơn,  Lê, Duy Nghĩa
Médium: Sách
Jazyk:Undetermined
Vydáno:  Công an Nhân dân  2023
Témata:
Tagy: Přidat tag
Žádné tagy, Buďte první, kdo otaguje tento záznam!
Thư viện lưu trữ: Trung tâm Thư viện - Trường Đại học Công nghiệp TP. Hồ Chí Minh
LEADER 00491nam a2200157Ia 4500
001 UIH_08122
008 241002s9999 xx 000 0 und d
082 |a  667.6 
100 |a  Kỹ thuật ngành sơn 
100 |a  Lê, Duy Nghĩa 
245 0 |a  Kỹ thuật ngành sơn 
260 |b  Công an Nhân dân 
260 |c  2023 
650 |a Công nghệ sơn 
927 |a Sách 
980 |a Trung tâm Thư viện - Trường Đại học Công nghiệp TP. Hồ Chí Minh